[Event "Steinfurt Bezirksliga 0910"]
[Site "Germany"]
[Date "2010.01.23"]
[Round "5.7"]
[White "Altenaehr, Johannes"]
[Black "Giese, Benjamin"]
[Result "0-1"]
[WhiteElo "1479"]
[BlackElo "1556"]
[PlyCount "80"]
[EventDate "2009.09.12"]
[EventType "team-tourn"]
[EventRounds "9"]
[EventCountry "GER"]
[SourceTitle "EXT 2011"]
[Source "ChessBase"]
[SourceDate "2010.11.26"]
[SourceVersion "1"]
[SourceVersionDate "2010.11.26"]
[SourceQuality "1"]
[WhiteTeam "Rheine"]
[BlackTeam "Steinfurt II"]
[WhiteTeamCountry "GER"]
[BlackTeamCountry "GER"]

1. Nf3 Nf6 2. Nc3 b6 3. e4 c5 4. Bc4 Nc6 5. 0-0 g6 6. Bxf7+ Kxf7 7. e5 e6 8. Ng5+ Kg7 9. exf6+ Qxf6 10. d3 Bb7 11. Nge4 Qf7 12. Ng5 Qe8 13. b3 Be7 14. Nge4 Nd4 15. Bb2 d5 16. Ng3 Rf8 17. Nce2 e5 18. Nxd4 exd4 19. c4 Qc6 20. Qe2 Rae8 21. Qe5+ Bf6 22. Qxd5 Qxd5 23. cxd5 Bxd5 24. Rae1 Bh4 25. Bc1 Bxg3 26. hxg3 Re6 27. Rxe6 Bxe6 28. Re1 Kf7 29. Re4 Re8 30. g4 Bxg4 31. Rxg4 Re1+ 32. Kh2 Rxc1 33. Rf4+ Ke7 34. Re4+ Kd6 35. Re2 Rd1 36. Kg3 Rxd3+ 37. f3 Re3 38. Rd2 Kd5 39. Kf2 b5 40. a3 Rxb3 0-1

[Event "Steinfurt Bezirksliga 0708"]
[Site "Germany"]
[Date "2007.12.01"]
[Round "4.6"]
[White "Giese, Benjamin"]
[Black "Roewekamp, Helmut"]
[Result "1-0"]
[WhiteElo "1584"]
[BlackElo "1680"]
[PlyCount "65"]
[EventDate "2007.09.22"]
[EventType "team-tourn"]
[EventRounds "9"]
[EventCountry "GER"]
[SourceTitle "EXT 2009"]
[Source "ChessBase"]
[SourceDate "2008.11.26"]
[SourceVersion "1"]
[SourceVersionDate "2008.11.26"]
[SourceQuality "1"]
[WhiteTeam "Steinfurt II"]
[BlackTeam "Reckenfeld"]
[WhiteTeamCountry "GER"]
[BlackTeamCountry "GER"]

1. c4 e5 2. Nc3 Nf6 3. g3 c6 4. Bg2 Be7 5. Nf3 d6 6. 0-0 0-0 7. d4 exd4 8. Nxd4 Nbd7 9. Nf5 Ne5 10. Nxe7+ Qxe7 11. b3 h6 12. Ba3 Rd8 13. Qc2 Be6 14. Ne4 Nxe4 15. Bxe4 Qc7 16. Rfd1 Ng4 17. Rd2 Nf6 18. Bg2 d5 19. cxd5 Bxd5 20. Bxd5 Rxd5 21. Rxd5 Nxd5 22. Rd1 Re8 23. Rxd5 Rxe2 24. Qxe2 cxd5 25. Qe8+ Kh7 26. Qe7 Qa5 27. Qb4 Qc7 28. Qc5 Qe5 29. Qxa7 Qe1+ 30. Kg2 b5 31. Qxf7 Qd2 32. Bf8 Qd4 33. Qxg7+ 1-0

[Event "Steinfurt Bezirksliga 0506"]
[Site "Germany"]
[Date "2006.04.29"]
[Round "9.1"]
[White "Giese, Benjamin"]
[Black "Sarana Hungeling, Oksana"]
[Result "0-1"]
[WhiteElo "1548"]
[BlackElo "2269"]
[PlyCount "106"]
[EventDate "2005.09.24"]
[EventType "team-tourn"]
[EventRounds "9"]
[EventCountry "GER"]
[SourceTitle "EXT 2006"]
[Source "ChessBase"]
[SourceDate "2005.11.24"]
[SourceVersion "1"]
[SourceVersionDate "2005.11.24"]
[SourceQuality "1"]
[WhiteTeam "Steinfurt II"]
[BlackTeam "Emsdetten Turm III"]
[WhiteTeamCountry "GER"]
[BlackTeamCountry "GER"]

1. c4 c5 2. Nc3 Nf6 3. g3 d5 4. cxd5 Nxd5 5. Bg2 Nc7 6. Nf3 Nc6 7. 0-0 e5 8. b3 Be7 9. d3 Be6 10. Ba3 f6 11. Qc2 Qd7 12. Rfc1 Rc8 13. Qd2 0-0 14. Rc2 Rfd8 15. Rac1 Na6 16. Ne4 b6 17. Qe1 Bf8 18. Qf1 Nc7 19. Nc3 g6 20. Ra1 Bg7 21. Rcc1 Nd5 22. Nxd5 Bxd5 23. Nd2 Nd4 24. Bxd5+ Qxd5 25. Bb2 f5 26. Bxd4 Qxd4 27. Nf3 Qd5 28. Rab1 Re8 29. Rd1 e4 30. Ne1 Rcd8 31. e3 Bf6 32. Qe2 exd3 33. Qxd3 Qxd3 34. Rxd3 Rxd3 35. Nxd3 Rd8 36. Rd1 b5 37. Nb2 Rxd1+ 38. Nxd1 c4 39. f3 c3 40. Nf2 c2 41. Nd3 Bb2 42. Kf2 c1Q 43. Nxc1 Bxc1 44. e4 fxe4 45. fxe4 Kf7 46. Ke2 Ke6 47. Kd3 Ke5 48. Kc2 Ba3 49. Kd3 Bc5 50. h3 h6 51. g4 g5 52. Ke2 Kxe4 53. Kd1 Kf3 0-1

[Event "Steinfurt Bezirksliga 0506"]
[Site "Germany"]
[Date "2006.03.18"]
[Round "8.1"]
[White "Hartmann, Viktor"]
[Black "Giese, Benjamin"]
[Result "1-0"]
[WhiteElo "1842"]
[BlackElo "1548"]
[PlyCount "83"]
[EventDate "2005.09.24"]
[EventType "team-tourn"]
[EventRounds "9"]
[EventCountry "GER"]
[SourceTitle "EXT 2006"]
[Source "ChessBase"]
[SourceDate "2005.11.24"]
[SourceVersion "1"]
[SourceVersionDate "2005.11.24"]
[SourceQuality "1"]
[WhiteTeam "Ibbenbueren II"]
[BlackTeam "Steinfurt II"]
[WhiteTeamCountry "GER"]
[BlackTeamCountry "GER"]

1. d4 d5 2. c4 e6 3. Nf3 Nf6 4. Bg5 Be7 5. Nc3 0-0 6. c5 b6 7. b4 bxc5 8. bxc5 Nc6 9. e3 Bd7 10. Be2 Nh5 11. Bxe7 Qxe7 12. 0-0 Rfb8 13. Qc2 Qd8 14. a3 h6 15. h3 Nf6 16. Bd3 a5 17. Rab1 Rxb1 18. Rxb1 Rb8 19. Nb5 Rb7 20. Ne5 Be8 21. Nxc6 Bxc6 22. a4 Qb8 23. f3 Be8 24. Qc3 c6 25. Na3 Rxb1+ 26. Nxb1 Qa7 27. Nd2 Nd7 28. Nb3 Nb8 29. Qxa5 Qxa5 30. Nxa5 Kf8 31. Nb7 Bd7 32. Nd6 f6 33. a5 Ke7 34. a6 Nxa6 35. Bxa6 Kd8 36. e4 Kc7 37. Kf2 Kb8 38. Ke3 Ka7 39. Bc8 Bxc8 40. Nxc8+ Kb7 41. Nd6+ Kc7 42. Ne8+ 1-0

[Event "Steinfurt Bezirksliga 0405"]
[Site "Germany"]
[Date "2004.12.11"]
[Round "4.1"]
[White "Ulunque Villazon, Humberto"]
[Black "Giese, Benjamin"]
[Result "0-1"]
[WhiteElo "1539"]
[BlackElo "1558"]
[PlyCount "120"]
[EventDate "2004.09.25"]
[EventType "team-tourn"]
[EventRounds "11"]
[EventCountry "GER"]
[SourceTitle "EXT 2006"]
[Source "ChessBase"]
[SourceDate "2005.11.24"]
[SourceVersion "1"]
[SourceVersionDate "2005.11.24"]
[SourceQuality "1"]
[WhiteTeam "Saerbeck III"]
[BlackTeam "Steinfurt II"]
[WhiteTeamCountry "GER"]
[BlackTeamCountry "GER"]

1. d4 e6 2. Nf3 Nf6 3. e3 b6 4. Bd3 Bb7 5. Nbd2 c5 6. c3 Be7 7. 0-0 Qc7 8. Qe2 Nc6 9. Re1 d5 10. a3 0-0 11. e4 dxe4 12. Nxe4 cxd4 13. Bg5 Qd8 14. Nxf6+ Bxf6 15. Qe4 g6 16. Qh4 Bxg5 17. Nxg5 h5 18. Re4 dxc3 19. Rd1 cxb2 20. Bc2 b1Q 21. Rxb1 Qd2 22. Bb3 Rad8 23. Nf3 Qd3 24. Rb2 Ne5 25. Re3 Nxf3+ 26. gxf3 Qd7 27. Qf6 Qd4 28. Qxd4 Rxd4 29. Kg2 Rfd8 30. Kg3 Rd3 31. Bc4 Rxe3 32. fxe3 Bd5 33. Be2 Rc8 34. e4 Bc4 35. Rc2 b5 36. Bxc4 Rxc4 37. Rb2 Rc3 38. Rxb5 Rxa3 39. Kf4 Kf8 40. Rb7 a5 41. e5 a4 42. h4 Ra1 43. Kg5 Kg7 44. Ra7 a3 45. Ra4 a2 46. Kf4 Kf8 47. Ra8+ Ke7 48. Ra7+ Kd8 49. Ra8+ Kc7 50. Kg5 Rg1+ 51. Kf6 a1Q 52. Rxa1 Rxa1 53. Kxf7 Rf1 54. Kxg6 Rxf3 55. Kxh5 Rf5+ 56. Kg6 Rxe5 57. h5 Re1 58. h6 Rh1 59. Kg5 Kd6 60. Kg6 e5 0-1

[Event "Steinfurt Bezirksliga 0405"]
[Site "Germany"]
[Date "2004.11.20"]
[Round "3.1"]
[White "Giese, Benjamin"]
[Black "Brinkmann, Franz Josef"]
[Result "1-0"]
[WhiteElo "1558"]
[BlackElo "1741"]
[PlyCount "77"]
[EventDate "2004.09.25"]
[EventType "team-tourn"]
[EventRounds "11"]
[EventCountry "GER"]
[SourceTitle "EXT 2006"]
[Source "ChessBase"]
[SourceDate "2005.11.24"]
[SourceVersion "1"]
[SourceVersionDate "2005.11.24"]
[SourceQuality "1"]
[WhiteTeam "Steinfurt II"]
[BlackTeam "Rheine Klein Berlin II"]
[WhiteTeamCountry "GER"]
[BlackTeamCountry "GER"]

1. c4 c5 2. Nc3 Nf6 3. g3 d5 4. cxd5 Nxd5 5. Bg2 e6 6. Nf3 Nc6 7. 0-0 Be7 8. b3 Bf6 9. Bb2 0-0 10. Rb1 Rb8 11. e3 b6 12. Nxd5 exd5 13. d4 Bf5 14. Rc1 Nb4 15. Ne1 Nxa2 16. Ra1 Nb4 17. Rxa7 Re8 18. Ba1 Bd7 19. Nc2 Nxc2 20. Qxc2 cxd4 21. Bxd4 Bxd4 22. exd4 Bb5 23. Rc1 Rc8 24. Qxc8 Qxc8 25. Rxc8 Rxc8 26. Bxd5 Rc1+ 27. Kg2 h6 28. Rxf7 Kh7 29. Rb7 Bf1+ 30. Kf3 Rc3+ 31. Kf4 b5 32. Be4+ Kg8 33. d5 Kf8 34. d6 g5+ 35. Ke5 Rc5+ 36. Kf6 Rc8 37. d7 Rd8 38. Bc6 b4 39. Rxb4 1-0

[Event "Steinfurt Bezirksliga 0203"]
[Site "Germany"]
[Date "2002.09.14"]
[Round "1.1"]
[White "Bickmann, Johannes"]
[Black "Giese, Benjamin"]
[Result "1-0"]
[WhiteElo "1862"]
[BlackElo "1603"]
[PlyCount "65"]
[EventDate "2002.09.14"]
[EventType "team-tourn"]
[EventRounds "9"]
[EventCountry "GER"]
[SourceTitle "EXT 2004"]
[Source "ChessBase"]
[SourceDate "2003.11.25"]
[SourceVersion "1"]
[SourceVersionDate "2003.11.25"]
[SourceQuality "1"]
[WhiteTeam "Neuenkirchen II"]
[BlackTeam "Steinfurt II"]
[WhiteTeamCountry "GER"]
[BlackTeamCountry "GER"]

1. e4 c5 2. Nf3 Nc6 3. d4 cxd4 4. Nxd4 d6 5. Nc3 Nf6 6. Be2 a6 7. 0-0 g6 8. Be3 Bg7 9. f4 0-0 10. Nb3 b5 11. Bf3 Bb7 12. Qe1 Qc7 13. Nd5 Nxd5 14. exd5 Na7 15. c3 Nc8 16. Qf2 e6 17. dxe6 fxe6 18. Nd4 Bxd4 19. cxd4 Bxf3 20. Qxf3 Ne7 21. Rac1 Qd7 22. Bd2 e5 23. Qb3+ Kg7 24. dxe5 dxe5 25. Bc3 Nc6 26. fxe5 Rxf1+ 27. Rxf1 Kh6 28. e6 Qd6 29. Bd2+ Qxd2 30. Qh3+ Kg5 31. Qg3+ Kh6 32. Qh4+ Kg7 33. Rf7+ 1-0